000
00281nam a22001337a 4500
003
SGT
082
_a
SUN 510
100
_a
SUNDARAPANDIAN,V
245
_a
NUMERICAL LINEAR ALGEBRA
260
_a
NEW DELHI
_b
PHI
_c
2014
300
_a
607
650
_a
MATHEMATICS
942
_2
ddc
_c
FPS
999
_c
10105
_d
10105